000 00891nas a2200313 4500
001 BR9700132
003 BR-BrBNA
005 20231205095933.0
007 ta
008 230509b bl.|||p| |||| 00| 00por d
040 _aBR-BrBNA
_bpor
_cBiblioteca Nacional de Agricultura
041 _a(Pt)
072 _aL70
100 1 _aPaiva, M. das G. de S.
100 1 _aChaplin, E.L.
100 1 _aFortes, E.
100 1 _aStobbe, N.S.
100 1 _aAraujo, F.A.P. de
100 1 _aSilva, N.R.S. da
245 1 _aMetodologia de esplenectomia em Didelphis marsupialis
650 _aGamba
650 _aSutura
650 _aCicatrizacao
650 _aCirurgia
650 _aBaco
773 0 _tRevista Brasileira de Medicina Veterinaria (Brazil)
_xISSN 0100-2430
_g(Jul-Aug 1996), v. 18(4) p. 149-150
_wBR9700132
909 _a202311
_bLúcia
_c55
_dLúcia Elande
942 _2AGRIS
_n0
_cANA
999 _c153556
_d153556